The surface-history of the earth / (Record no. 10572)
[ view plain ]
| 000 -LEADER | |
|---|---|
| fixed length control field | 00758cam a22002531 4500 |
| 001 - CONTROL NUMBER | |
| control field | 10572 |
| 003 - CONTROL NUMBER IDENTIFIER | |
| rucl marc code | BD-RjUL |
| 005 - DATE AND TIME OF LATEST TRANSACTION | |
| control field | 20211208234958.0 |
| 008 - FIXED-LENGTH DATA ELEMENTS--GENERAL INFORMATION | |
| fixed length control field | 140125s1930 enkabf 000 0 eng |
| 035 ## - SYSTEM CONTROL NUMBER | |
| System control number | (BD-RjUL)10620 |
| System control number | (OCoLC)519456 |
| 040 ## - CATALOGING SOURCE | |
| Original cataloging agency | DLC |
| Transcribing agency | OKentU |
| Modifying agency | OCoLC |
| -- | DLC |
| -- | BD-RjUL |
| Language of cataloging | eng |
| 041 ## - LANGUAGE CODE | |
| Language code of text/sound track or separate title | eng |
| 082 ## - DEWEY DECIMAL CLASSIFICATION NUMBER | |
| Classification number | 551.13 |
| Author mark and year | JOS 1930 |
| 100 1# - MAIN ENTRY--PERSONAL NAME | |
| Personal name | Joly, John, |
| Dates associated with a name | 1857-1933. |
| 9 (RLIN) | 32680 |
| 245 04 - TITLE STATEMENT | |
| Title | The surface-history of the earth / |
| Statement of responsibility, etc. | John Joly ... |
| 250 ## - EDITION STATEMENT | |
| Edition statement | 2d ed. |
| 260 ## - PUBLICATION, DISTRIBUTION, ETC. (IMPRINT) | |
| Place of publication, distribution, etc. | Oxford : |
| Name of publisher, distributor, etc. | The Clarendon Press, |
| Date of publication, distribution, etc. | 1930. |
| 300 ## - PHYSICAL DESCRIPTION | |
| Pagination | xxi, 211, [1] p. : |
| Illustrations | front., illus., plates, maps (1 fold.) diagrs. ; |
| Size | 22 cm. |
| 651 #0 - SUBJECT ADDED ENTRY--GEOGRAPHIC NAME | |
| Geographic name | Earth (Planet) |
| General subdivision | Surface. |
| 9 (RLIN) | 32681 |
| 942 ## - ADDED ENTRY ELEMENTS (KOHA) | |
| Source of classification or shelving scheme | Dewey Decimal Classification |
| Koha item type | Books |
| Lost status | Source of classification or shelving scheme | Damaged status | Not for loan | Collection code | Permanent Location | Current Location | Shelving location | Date acquired | Source of acquisition | Cost, normal purchase price | Total Checkouts | Full call number | Date last seen | Copy number | Koha item type |
|---|---|---|---|---|---|---|---|---|---|---|---|---|---|---|---|
| Dewey Decimal Classification | Not For Loan | Non-fiction | Central Library, University of Rajshahi | Central Library, University of Rajshahi | Reading Room | 11/10/1955 | Alius book corp. | 10.20 | 551.13 JOS 1930 | 25/01/2014 | C-1 | Books |